书目信息 |
| 题名: |
病从血中来
|
|
| 作者: | 连汝安 编著 | |
| 分册: | ||
| 出版信息: | 北京 中医古籍出版社 2013 |
|
| 页数: | 260页 | |
| 开本: | 24cm | |
| 丛书名: | 中老年人健康保障系列丛书 | |
| 单 册: | ||
| 中图分类: | R54 , R743 , R54 | |
| 科图分类: | ||
| 主题词: | 心脏血管疾病--诊疗 , 脑血管疾病--诊疗 , 心脏血管疾病 , 脑血管疾病 | |
| 电子资源: | ||
| ISBN: | 978-7-5152-0464-2 | |
| 000 | 01159oam2 2200337 450 | |
| 001 | 012015000438 | |
| 005 | 20150914161023.73 | |
| 010 | @a978-7-5152-0464-2@dCNY32.00 | |
| 100 | @a20140913d2013 em y0chiy50 ea | |
| 101 | 0 | @achi |
| 102 | @aCN@b110000 | |
| 105 | @aa z 000yy | |
| 106 | @ar | |
| 200 | 1 | @a病从血中来@Abing cong xue zhong lai@f连汝安编著 |
| 205 | @a2版 | |
| 210 | @a北京@c中医古籍出版社@d2013 | |
| 215 | @a260页@c照片,图@d24cm | |
| 225 | 2 | @a中老年人健康保障系列丛书 |
| 300 | @a《正言堂·名医讲健康》栏目指定用书 心脑血管病康复指导用书 中国心脑康复工程指定用书 | |
| 330 | @a本书讨论的是心脑血管病,用真实的病例做讲解,让患者在切身体会中,认识自己的病情,采取更加有效的治疗方式。内容包括:“你认识自己的血液吗?”、“你的血液结冰了吗?——气虚血亏是心脑血管病的元凶”等。 | |
| 410 | 0 | @12001 @a中老年人健康保障系列丛书 |
| 606 | 0 | @a心脏血管疾病@x诊疗 |
| 606 | 0 | @a脑血管疾病@x诊疗 |
| 606 | 0 | @a心脏血管疾病 |
| 606 | 0 | @a脑血管疾病 |
| 690 | @aR54@v5 | |
| 690 | @aR743@v5 | |
| 690 | @aR54@v5 | |
| 701 | 0 | @a连汝安@Alian ru an@f(1928~)@4编著 |
| 801 | 0 | @aCN@b碧洲教育@c20150716 |
| 905 | @a10447@f3@dR54@e127=2 | |
| 病从血中来/连汝安编著.-2版.-北京:中医古籍出版社,2013 |
| 260页:照片,图;24cm.-(中老年人健康保障系列丛书) |
| 《正言堂·名医讲健康》栏目指定用书 心脑血管病康复指导用书 中国心脑康复工程指定用书 |
| ISBN 978-7-5152-0464-2:CNY32.00 |
| 本书讨论的是心脑血管病,用真实的病例做讲解,让患者在切身体会中,认识自己的病情,采取更加有效的治疗方式。内容包括:“你认识自己的血液吗?”、“你的血液结冰了吗?——气虚血亏是心脑血管病的元凶”等。 |
| ● |
| 相关链接 |
|
|
|
|
正题名:病从血中来
索取号:R54/127=2
 
预约/预借
| 序号 | 登录号 | 条形码 | 馆藏地/架位号 | 状态 | 备注 |
| 1 | 0849358 | 208493584 | 第二样本阅览室/ [索取号:R54/127=2] | 在馆 | |
| 2 | 0849359 | 208493593 | 第三借阅区/ [索取号:R54/127=2] | 在馆 | |
| 3 | 0849360 | 208493600 | 第三借阅区/ [索取号:R54/127=2] | 在馆 |